[Event "52nd National Challengers (National â€˜Bâ€™) Chess Cha"]
[Site "Indoor Stadium,Dharamshala,Himachal Pradesh,India"]
[Date "2014.05.12"]
[Round "5"]
[Board "5"]
[White "Rajesh, V A V"]
[Black "Debashis, Das"]
[Result "1/2-1/2"]
[WhiteElo "2382"]
[BlackElo "2501"]
[PlyCount "97"]
[EventDate "2014.05.09"]
[EventRounds "13"]
[EventCountry "IND"]

1. d4 Nf6 2. c4 e6 3. Nf3 d5 4. Nc3 c6 5. e3 c5 6. Be2 Nc6 7. O-O Bd6 8. cxd5
exd5 9. dxc5 Bxc5 10. b3 O-O 11. Bb2 Be6 12. Rc1 Be7 13. Nb5 Rc8 14. Nbd4 Qa5
15. a3 Qb6 16. h3 Ne4 17. b4 Rfd8 18. Bd3 a5 19. Nxe6 fxe6 20. b5 Nb8 21. Rxc8
Rxc8 22. Bxe4 dxe4 23. Nd2 Nd7 24. Nxe4 Qxb5 25. Qg4 Qxb2 26. Qxe6+ Kf8 27.
Qxd7 Rc1 28. Rxc1 Qxc1+ 29. Kh2 Qxa3 30. Qc8+ Kf7 31. Qxb7 a4 32. Qd5+ Kf8 33.
Qf5+ Kg8 34. Qc8+ Kf7 35. Qc4+ Kf8 36. Nc3 Qd6+ 37. g3 a3 38. Kg2 Qc5 39. Qxc5
Bxc5 40. Kf1 Bb4 41. Na2 Ba5 42. Ke2 Ke7 43. g4 Kf6 44. f4 g5 45. f5 h5 46. Kd3
hxg4 47. hxg4 Ke5 48. Nc3 Bb6 49. Na2 1/2-1/2

[Event "52nd National Challengers (National â€˜Bâ€™) Chess Cha"]
[Site "Indoor Stadium,Dharamshala,Himachal Pradesh,India"]
[Date "2014.05.12"]
[Round "5"]
[Board "6"]
[White "Himanshu, Sharma"]
[Black "Kunte, Abhijit"]
[Result "1/2-1/2"]
[WhiteElo "2350"]
[BlackElo "2484"]
[PlyCount "43"]
[EventDate "2014.05.09"]
[EventRounds "13"]
[EventCountry "IND"]

1. e4 c5 2. Nc3 d6 3. g3 Nc6 4. Bg2 g6 5. d3 Bg7 6. f4 e5 7. Nf3 Nge7 8. O-O
Nd4 9. Nd5 Nxd5 10. exd5 O-O 11. fxe5 Nxf3+ 12. Qxf3 dxe5 13. Be3 Qd6 14. Qf2
b6 15. Qd2 f5 16. c4 Bd7 17. Rab1 a5 18. b3 Rf7 19. Rf2 Raf8 20. Rbf1 h5 21.
Bg5 Kh7 22. Kh1 1/2-1/2

[Event "52nd National Challengers (National â€˜Bâ€™) Chess Cha"]
[Site "Indoor Stadium,Dharamshala,Himachal Pradesh,India"]
[Date "2014.05.12"]
[Round "5"]
[Board "7"]
[White "Kumaran, B"]
[Black "Laxman, R.R."]
[Result "1/2-1/2"]
[WhiteElo "2294"]
[BlackElo "2450"]
[PlyCount "111"]
[EventDate "2014.05.09"]
[EventRounds "13"]
[EventCountry "IND"]

1. e4 e5 2. Nf3 Nc6 3. Bb5 Nf6 4. O-O Nxe4 5. d4 Nd6 6. Bxc6 dxc6 7. dxe5 Nf5
8. Qxd8+ Kxd8 9. Nc3 Ke8 10. b3 Be7 11. Bb2 Be6 12. Ne2 c5 13. Nf4 Kd7 14.
Rad1+ Kc6 15. Bc1 Rad8 16. c3 b5 17. g4 Nh4 18. Nxh4 Bxh4 19. Nxe6 fxe6 20. f4
Be7 21. Kg2 c4 22. b4 g6 23. Be3 a5 24. a3 axb4 25. axb4 Rxd1 26. Rxd1 Rd8 27.
Rxd8 Bxd8 28. Kf3 Kd5 29. Bd4 Be7 30. Be3 Bd8 31. Bd4 c6 32. Ke3 Bh4 33. Kf3
Be7 34. Be3 h6 35. h3 g5 36. Bc1 gxf4 37. Bxf4 Bg5 38. h4 Bxh4 39. Bxh6 Be1 40.
g5 Bxc3 41. g6 Bxe5 42. g7 Bxg7 43. Bxg7 c5 44. bxc5 Kxc5 45. Ke3 Kb4 46. Kd2
Kb3 47. Bc3 b4 48. Be5 Ka4 49. Kc2 Kb5 50. Bd6 b3+ 51. Kd2 Kc6 52. Be5 Kd5 53.
Bb2 e5 54. Ke3 Kd6 55. Ke4 Kc5 56. Kxe5 1/2-1/2

[Event "52nd National Challengers (National â€˜Bâ€™) Chess Cha"]
[Site "Indoor Stadium,Dharamshala,Himachal Pradesh,India"]
[Date "2014.05.12"]
[Round "5"]
[Board "8"]
[White "Karthik, V.   Ap"]
[Black "Vidit, Santosh Gujrathi"]
[Result "0-1"]
[WhiteElo "2276"]
[BlackElo "2606"]
[PlyCount "54"]
[EventDate "2014.05.09"]
[EventRounds "13"]
[EventCountry "IND"]

1. d4 Nf6 2. c4 e6 3. g3 d5 4. Nf3 Be7 5. Bg2 O-O 6. O-O c6 7. Qc2 b6 8. Nbd2
Bb7 9. e4 Na6 10. a3 c5 11. exd5 exd5 12. cxd5 Rc8 13. dxc5 Nxc5 14. b4 Ne6 15.
Qd3 Nxd5 16. Bb2 Nc3 17. Qe3 Bf6 18. Rac1 Ne2+ 19. Qxe2 Bxb2 20. Rxc8 Qxc8 21.
Ne4 Bxa3 22. Nd6 Bxf3 23. Qxf3 Qd7 24. Qxa3 Qxd6 25. Ra1 Rd8 26. Qc3 Qe7 27. b5
Nd4 0-1

[Event "52nd National Challengers (National â€˜Bâ€™) Chess Cha"]
[Site "Indoor Stadium,Dharamshala,Himachal Pradesh,India"]
[Date "2014.05.12"]
[Round "5"]
[Board "9"]
[White "Sengupta, Deep"]
[Black "Kulkarni, Bhakti"]
[Result "1-0"]
[WhiteElo "2536"]
[BlackElo "2258"]
[PlyCount "83"]
[EventDate "2014.05.09"]
[EventRounds "13"]
[EventCountry "IND"]

1. d4 Nf6 2. c4 d6 3. Nc3 Nbd7 4. e4 c6 5. Nge2 e5 6. d5 cxd5 7. cxd5 a6 8. f3
b5 9. a4 b4 10. Na2 a5 11. Be3 Be7 12. Ng3 g6 13. Bb5 h5 14. Nc1 Nh7 15. Bc6
Ra6 16. Qe2 Bg5 17. Bf2 O-O 18. Nb3 Qc7 19. Bb5 Ra8 20. Nf1 f5 21. Nfd2 Ndf6
22. O-O fxe4 23. Nxe4 Bf4 24. Nbd2 Bb7 25. Nc4 Bxd5 26. Rad1 Rab8 27. Ncxd6
Rfd8 28. Rxd5 Nxd5 29. Qc4 Rxd6 30. Qxc7 Nxc7 31. Nxd6 Nxb5 32. axb5 e4 33.
Nxe4 Rxb5 34. Rd1 Nf8 35. b3 Kf7 36. g3 Bc7 37. h4 Ke6 38. Bc5 Rb8 39. Ng5+ Ke5
40. Kg2 a4 41. f4+ Kf5 42. Be7 1-0

[Event "52nd National Challengers (National â€˜Bâ€™) Chess Cha"]
[Site "Indoor Stadium,Dharamshala,Himachal Pradesh,India"]
[Date "2014.05.12"]
[Round "5"]
[Board "10"]
[White "Shyam, Sundar M."]
[Black "Singh, D.P."]
[Result "1/2-1/2"]
[WhiteElo "2486"]
[BlackElo "2254"]
[PlyCount "38"]
[EventDate "2014.05.09"]
[EventRounds "13"]
[EventCountry "IND"]

1. e4 b6 2. d4 Bb7 3. Bd3 g6 4. Nf3 Bg7 5. O-O d6 6. c4 Nd7 7. Nc3 e5 8. Bg5 f6
9. Be3 Nh6 10. h3 Nf7 11. Qd2 O-O 12. d5 Re8 13. Nh2 Nf8 14. f4 exf4 15. Bxf4
Nd7 16. Nf3 Nde5 17. Nb5 Bc8 18. Nbd4 Bd7 19. Rae1 a6 1/2-1/2

[Event "52nd National Challengers (National â€˜Bâ€™) Chess Cha"]
[Site "Indoor Stadium,Dharamshala,Himachal Pradesh,India"]
[Date "2014.05.12"]
[Round "5"]
[Board "11"]
[White "Vishnu, Prasanna. V"]
[Black "Shreyansh, Daklia"]
[Result "1-0"]
[WhiteElo "2467"]
[BlackElo "2250"]
[PlyCount "109"]
[EventDate "2014.05.09"]
[EventRounds "13"]
[EventCountry "IND"]

1. e4 c5 2. Nf3 g6 3. d4 cxd4 4. Nxd4 Bg7 5. c4 Nc6 6. Be3 Nf6 7. Nc3 d6 8. Be2
Nxd4 9. Qxd4 O-O 10. Qd2 Bd7 11. O-O Bc6 12. f3 a5 13. b3 Nd7 14. Rfc1 Nc5 15.
Rab1 Re8 16. Kh1 Qb8 17. Rc2 Rc8 18. Bf1 b6 19. Qf2 Qc7 20. Rcc1 Qd8 21. a3
Rcb8 22. b4 axb4 23. axb4 Nd7 24. Nd5 Ra3 25. Bg5 Bxd5 26. cxd5 Rba8 27. h3 Ra2
28. Rc2 Ra1 29. Rbc1 Rxc1 30. Rxc1 Ra1 31. Rxa1 Bxa1 32. Bb5 Ne5 33. Qe1 Bd4
34. Qd2 f6 35. Bh4 Ba1 36. Bf2 Qc7 37. f4 Nf7 38. Bc6 Qa7 39. b5 g5 40. g3 Qa3
41. Kg2 Bc3 42. Qe2 Ba5 43. Bd7 gxf4 44. Be6 Qa4 45. gxf4 Kf8 46. Kh2 Nh6 47.
Qh5 Kg7 48. Qe8 Qxe4 49. Qxe7+ Kg6 50. f5+ Kg5 51. Qg7+ Kh5 52. Qxh7 Qf4+ 53.
Kg1 Qg5+ 54. Kh1 Qc1+ 55. Kg2 1-0

[Event "52nd National Challengers (National â€˜Bâ€™) Chess Cha"]
[Site "Indoor Stadium,Dharamshala,Himachal Pradesh,India"]
[Date "2014.05.12"]
[Round "5"]
[Board "12"]
[White "Ramnathan, Balasubramaniam"]
[Black "Roy Chowdhury, Saptarshi"]
[Result "1/2-1/2"]
[WhiteElo "2254"]
[BlackElo "2453"]
[PlyCount "95"]
[EventDate "2014.05.09"]
[EventRounds "13"]
[EventCountry "IND"]

1. d4 Nf6 2. c4 d6 3. Nc3 Bf5 4. Nf3 c6 5. g3 h6 6. Bg2 Nbd7 7. O-O e5 8. d5
Qc7 9. b3 a6 10. Bb2 Be7 11. Nd2 O-O 12. Rc1 Bg6 13. b4 c5 14. a3 Nh7 15. e4 f5
16. exf5 Bxf5 17. Nce4 Nhf6 18. Qb3 Nxe4 19. Nxe4 Nf6 20. Nxf6+ Bxf6 21. f4
exf4 22. Bxf6 Rxf6 23. Rxf4 Rff8 24. Rcf1 Bg6 25. Rxf8+ Rxf8 26. Rxf8+ Kxf8 27.
Qf3+ Bf7 28. Qc3 b5 29. Bf1 cxb4 30. Qxb4 bxc4 31. Bxc4 a5 32. Qb3 Qc5+ 33. Kg2
Ke7 34. Qd3 Qb6 35. Bb5 Qb7 36. Bc4 Qb2+ 37. Kg1 Qe5 38. Kf2 Qf6+ 39. Ke3 Qe5+
40. Kf2 Kf6 41. Qd2 Bg6 42. Be2 Qf5+ 43. Ke1 Qb1+ 44. Kf2 Qb6+ 45. Kf1 Bf5 46.
Qc3+ Kf7 47. Kg2 Be4+ 48. Bf3 1/2-1/2

[Event "52nd National Challengers (National â€˜Bâ€™) Chess Cha"]
[Site "Indoor Stadium,Dharamshala,Himachal Pradesh,India"]
[Date "2014.05.12"]
[Round "5"]
[Board "13"]
[White "Swayams, Mishra"]
[Black "Deshmukh, Anup"]
[Result "1-0"]
[WhiteElo "2442"]
[BlackElo "2237"]
[PlyCount "102"]
[EventDate "2014.05.09"]
[EventRounds "13"]
[EventCountry "IND"]

1. d4 d5 2. Nf3 Nf6 3. c4 c6 4. Nc3 dxc4 5. a4 Bf5 6. Ne5 e6 7. g3 Bb4 8. Bg2
Ne4 9. Bxe4 Bxe4 10. f3 Bf5 11. Nxc4 O-O 12. Be3 Nd7 13. Qb3 a5 14. O-O Qe7 15.
Rfd1 h5 16. Bf2 Rfd8 17. e4 Bh3 18. Ne2 e5 19. Nxe5 Nxe5 20. dxe5 Qxe5 21. Nf4
Be6 22. Nxe6 fxe6 23. Bb6 Rxd1+ 24. Rxd1 Rf8 25. Kg2 c5 26. Rd7 Rf7 27. Rd8+
Rf8 28. Rd7 Rf7 29. Rd3 h4 30. Qc2 Qh5 31. Rd8+ Kh7 32. e5+ g6 33. Qe4 h3+ 34.
Kf2 Qg5 35. Rd1 Qf5 36. Ke3 c4 37. Qxf5 Rxf5 38. Rd7+ Kg8 39. Ke4 Rf7 40. Rd4
c3 41. bxc3 Bxc3 42. Rd6 Re7 43. Bd8 Re8 44. Rd7 Be1 45. Bf6 Rc8 46. Kf4 Kf8
47. Kg5 Ke8 48. Re7+ Kf8 49. Kxg6 Bb4 50. Rxb7 Ke8 51. f4 Bc5 1-0

[Event "52nd National Challengers (National â€˜Bâ€™) Chess Cha"]
[Site "Indoor Stadium,Dharamshala,Himachal Pradesh,India"]
[Date "2014.05.12"]
[Round "5"]
[Board "14"]
[White "Vipul, Subhashi"]
[Black "Anurag, Mhamal"]
[Result "1-0"]
[WhiteElo "2235"]
[BlackElo "2420"]
[PlyCount "53"]
[EventDate "2014.05.09"]
[EventRounds "13"]
[EventCountry "IND"]

1. e4 c5 2. Nf3 e6 3. d4 cxd4 4. Nxd4 a6 5. Nc3 b5 6. Bd3 Bb7 7. O-O Qc7 8. Qe2
Ne7 9. Bxb5 axb5 10. Ncxb5 Qb6 11. Be3 Ng6 12. Nxe6 Qxe6 13. Nc7+ Kd8 14. Nxe6+
fxe6 15. f4 Nc6 16. Rfd1 Be7 17. a3 Ke8 18. b4 Bf6 19. e5 Be7 20. Qd2 Nb8 21.
g3 Kf7 22. Rf1 Rc8 23. Bd4 Kg8 24. h4 Bf8 25. c4 Rxc4 26. Rfc1 Rxc1+ 27. Qxc1
 1-0

[Event "52nd National Challengers (National â€˜Bâ€™) Chess Cha"]
[Site "Indoor Stadium,Dharamshala,Himachal Pradesh,India"]
[Date "2014.05.12"]
[Round "5"]
[Board "15"]
[White "Krishna Teja, N"]
[Black "Sunilduth Lyna, Narayanan"]
[Result "0-1"]
[WhiteElo "2206"]
[BlackElo "2402"]
[PlyCount "68"]
[EventDate "2014.05.09"]
[EventRounds "13"]
[EventCountry "IND"]

1. Nf3 g6 2. g3 Bg7 3. Bg2 e5 4. d3 Nc6 5. O-O d6 6. e4 Nge7 7. Nc3 O-O 8. Ne1
Nd4 9. f4 c6 10. Be3 Be6 11. fxe5 dxe5 12. Ne2 Qd7 13. Nxd4 exd4 14. Bg5 c5 15.
Bxe7 Qxe7 16. b3 b5 17. a4 a6 18. Bf3 c4 19. bxc4 bxc4 20. dxc4 Bxc4 21. Nd3
Bh6 22. Re1 Rab8 23. Nf2 Be3 24. Kg2 h5 25. Nd3 Rfc8 26. Rb1 Qa3 27. Rxb8 Rxb8
28. Ne5 Be6 29. Nc6 Rc8 30. e5 Qc5 31. Nd8 Bg4 32. Bxg4 hxg4 33. Qxg4 Qxe5 34.
Kh3 Rxd8 0-1

[Event "52nd National Challengers (National â€˜Bâ€™) Chess Cha"]
[Site "Indoor Stadium,Dharamshala,Himachal Pradesh,India"]
[Date "2014.05.13"]
[Round "6"]
[Board "1"]
[White "Sethuraman, S.P."]
[Black "Karthikeyan, Murali"]
[Result "1/2-1/2"]
[WhiteElo "2582"]
[BlackElo "2475"]
[PlyCount "155"]
[EventDate "2014.05.09"]
[EventRounds "13"]
[EventCountry "IND"]

1. e4 c5 2. Nf3 e6 3. d4 cxd4 4. Nxd4 a6 5. Bd3 d5 6. exd5 Qxd5 7. O-O Bd7 8.
Be3 Bc6 9. Nxc6 Qxc6 10. c4 Nf6 11. Nd2 Qc7 12. a3 Bd6 13. g3 O-O 14. b4 Nc6
15. Rc1 Rad8 16. Qe2 Be7 17. Nb3 a5 18. b5 a4 19. bxc6 axb3 20. cxb7 Qxb7 21.
c5 Nd5 22. c6 Qc7 23. Rc4 Bf6 24. h4 Be5 25. Bg5 f6 26. Bc1 Rfe8 27. Kg2 Nb6
28. Rc5 Qd6 29. Rxe5 fxe5 30. Bb5 Rf8 31. Bb2 Qd2 32. Qxe5 Qd5+ 33. Qxd5 Rxd5
34. a4 Rd2 35. Ba3 Rf7 36. Kg1 b2 37. f4 Rc2 38. Rb1 Rc3 39. Bxb2 Rxg3+ 40. Kf2
Rb3 41. Ke2 Nd5 42. Bc4 Rb4 43. Kd3 Rxf4 44. Rc1 Rxh4 45. Be5 Rxa4 46. Bxd5
exd5 47. c7 Rhc4 48. c8=Q+ Rxc8 49. Rxc8+ Kf7 50. Rc7+ Ke6 51. Bxg7 h5 52. Bd4
Kf5 53. Rg7 Ra3+ 54. Ke2 h4 55. Be3 h3 56. Rg5+ Ke6 57. Rh5 Ra2+ 58. Kf3 Ra3
59. Kf2 Ra2+ 60. Kf3 Ra3 61. Kf4 Ra4+ 62. Kf3 Ra3 63. Ke2 Ra2+ 64. Bd2 Ra3 65.
Bc1 Rb3 66. Be3 Rb2+ 67. Kd3 Rb3+ 68. Kd2 Kf7 69. Rh7+ Kg8 70. Rh5 Kf7 71. Rxd5
h2 72. Rf5+ Ke6 73. Rf1 Rb2+ 74. Kd3 Rg2 75. Rh1 Kf5 76. Bb6 Kg4 77. Bc7 Kh3
78. Rxh2+ 1/2-1/2

[Event "52nd National Challengers (National â€˜Bâ€™) Chess Cha"]
[Site "Indoor Stadium,Dharamshala,Himachal Pradesh,India"]
[Date "2014.05.13"]
[Round "6"]
[Board "2"]
[White "Grover, Sahaj"]
[Black "Rathnakaran, K."]
[Result "1-0"]
[WhiteElo "2469"]
[BlackElo "2397"]
[PlyCount "85"]
[EventDate "2014.05.09"]
[EventRounds "13"]
[EventCountry "IND"]

1. d4 Nf6 2. c4 c5 3. d5 e6 4. Nc3 exd5 5. cxd5 d6 6. e4 g6 7. f4 Bg7 8. Bb5+
Nfd7 9. a4 O-O 10. Nf3 Na6 11. O-O Nb4 12. Be3 b6 13. Bf2 a6 14. Be2 Bb7 15.
Bg3 Qe7 16. Qb3 Rae8 17. Rad1 Kh8 18. Bc4 Nf6 19. e5 Nh5 20. Bh4 Qd7 21. e6
fxe6 22. dxe6 Qc6 23. e7 Rxf4 24. Bf7 Rxh4 25. Bxe8 Qxe8 26. Nxh4 d5 27. Nxd5
Nxd5 28. Rxd5 Qxe7 29. Rxh5 gxh5 30. Qxb6 Bd4+ 31. Kh1 Bf2 32. Qh6 Kg8 33. Nf5
Bxg2+ 34. Kxg2 Qe4+ 35. Kxf2 Qxf5+ 36. Ke2 Qg4+ 37. Rf3 Qg2+ 38. Rf2 Qg4+ 39.
Ke1 Qe4+ 40. Kd1 Qxa4+ 41. Kc1 Qc4+ 42. Kb1 Qe4+ 43. Rc2 1-0

[Event "52nd National Challengers (National â€˜Bâ€™) Chess Cha"]
[Site "Indoor Stadium,Dharamshala,Himachal Pradesh,India"]
[Date "2014.05.13"]
[Round "6"]
[Board "3"]
[White "Vidit, Santosh Gujrathi"]
[Black "Rajesh, V A V"]
[Result "1-0"]
[WhiteElo "2606"]
[BlackElo "2382"]
[PlyCount "61"]
[EventDate "2014.05.09"]
[EventRounds "13"]
[EventCountry "IND"]

1. d4 Nf6 2. c4 g6 3. Nc3 d5 4. Nf3 Bg7 5. Qb3 dxc4 6. Qxc4 O-O 7. e4 Bg4 8.
Be3 Nfd7 9. Qb3 Nb6 10. Rd1 Nc6 11. d5 Ne5 12. Be2 Nxf3+ 13. gxf3 Bh3 14. Rg1
Bd7 15. h4 Qe8 16. Qa3 c6 17. dxc6 Bxc6 18. h5 Na4 19. Bd4 Bxd4 20. Rxd4 Nxc3
21. bxc3 a6 22. Bc4 Kg7 23. Qc5 e5 24. Rd6 Rc8 25. hxg6 hxg6 26. Bxf7 Bxe4 27.
Qe3 Rxf7 28. Qxe4 Rc6 29. Qxg6+ Kf8 30. Qh6+ Ke7 31. Qe6+ 1-0

[Event "52nd National Challengers (National â€˜Bâ€™) Chess Cha"]
[Site "Indoor Stadium,Dharamshala,Himachal Pradesh,India"]
[Date "2014.05.13"]
[Round "6"]
[Board "4"]
[White "Lalith, Babu M.R."]
[Black "Karthikeyan, P."]
[Result "1-0"]
[WhiteElo "2571"]
[BlackElo "2380"]
[PlyCount "105"]
[EventDate "2014.05.09"]
[EventRounds "13"]
[EventCountry "IND"]

1. d4 d5 2. Nf3 Nf6 3. c4 c6 4. Nc3 dxc4 5. a4 e6 6. e3 c5 7. Bxc4 Nc6 8. O-O
cxd4 9. exd4 Be7 10. Qe2 O-O 11. Rd1 Nb4 12. Bg5 Bd7 13. d5 exd5 14. Nxd5 Nbxd5
15. Bxd5 Nxd5 16. Rxd5 Bxg5 17. Nxg5 h6 18. Qd2 hxg5 19. Rxd7 Qf6 20. Rxb7 Rab8
21. Qb4 Qe5 22. g3 Rfe8 23. Rd1 a5 24. Qb3 Rxb7 25. Qxb7 g4 26. b3 Rb8 27. Qc6
Qe2 28. Rd4 g6 29. Qd5 Rc8 30. Rc4 Re8 31. Rf4 Qe6 32. Qxe6 Rxe6 33. Rxg4 Rb6
34. Rg5 Rxb3 35. Rxa5 Ra3 36. h4 Kg7 37. Kg2 Kh6 38. Ra6 f5 39. Ra7 Ra1 40. Kf3
Ra2 41. Ke3 g5 42. hxg5+ Kxg5 43. Kf3 Ra3+ 44. Kg2 Ra2 45. Ra8 Kg6 46. a5 Ra3
47. a6 Ra2 48. Kh3 Ra4 49. a7 Kg7 50. f4 Ra1 51. Kh4 Ra3 52. g4 fxg4 53. Kxg4
 1-0

[Event "52nd National Challengers (National â€˜Bâ€™) Chess Cha"]
[Site "Indoor Stadium,Dharamshala,Himachal Pradesh,India"]
[Date "2014.05.13"]
[Round "6"]
[Board "5"]
[White "Sunilduth Lyna, Narayanan"]
[Black "Sengupta, Deep"]
[Result "0-1"]
[WhiteElo "2402"]
[BlackElo "2536"]
[PlyCount "110"]
[EventDate "2014.05.09"]
[EventRounds "13"]
[EventCountry "IND"]

1. e4 e6 2. d3 c5 3. g3 Nc6 4. Nf3 d5 5. Qe2 Nge7 6. Bg2 g6 7. O-O Bg7 8. e5 h6
9. h4 b5 10. c3 Bb7 11. Re1 Qb6 12. a4 b4 13. Bf4 bxc3 14. bxc3 Ba6 15. Na3 O-O
16. Nb5 Bc8 17. Reb1 Rb8 18. Qc2 Bd7 19. d4 cxd4 20. Nbxd4 Qa5 21. Nb3 Qc7 22.
Nc5 Rxb1+ 23. Rxb1 Rb8 24. Rxb8+ Nxb8 25. Nxd7 Nxd7 26. Qe2 Qxc3 27. Qb5 Qc7
28. a5 Nc6 29. a6 Qb6 30. Bf1 Qxb5 31. Bxb5 Ndxe5 32. Nxe5 Nxe5 33. Kf1 Nf3 34.
Be2 Nd4 35. Bd1 Bf8 36. Be3 Bc5 37. Bxh6 f6 38. Be3 Kf7 39. Bc2 e5 40. Bxd4
Bxd4 41. g4 e4 42. Ke2 f5 43. f3 Ke6 44. Ba4 fxg4 45. fxg4 g5 46. hxg5 Bg7 47.
g6 Ke5 48. g5 d4 49. Bc6 Kf4 50. Bd5 d3+ 51. Kd2 Ke5 52. Bc6 Kd4 53. Kd1 e3 54.
Bf3 Ke5 55. Bc6 Kf4 0-1

[Event "52nd National Challengers (National â€˜Bâ€™) Chess Cha"]
[Site "Indoor Stadium,Dharamshala,Himachal Pradesh,India"]
[Date "2014.05.13"]
[Round "6"]
[Board "6"]
[White "Debashis, Das"]
[Black "Himanshu, Sharma"]
[Result "0-1"]
[WhiteElo "2501"]
[BlackElo "2350"]
[PlyCount "70"]
[EventDate "2014.05.09"]
[EventRounds "13"]
[EventCountry "IND"]

1. d4 d5 2. c4 c6 3. Nf3 Nf6 4. Nc3 a6 5. c5 Bf5 6. Bf4 Nbd7 7. e3 Nh5 8. Be5
f6 9. Bg3 e5 10. Nh4 Bg6 11. Be2 Nxg3 12. hxg3 Bf7 13. f4 g6 14. g4 Qc7 15. Qd2
Bg7 16. g3 O-O 17. Kf2 Rfe8 18. Rh2 Re7 19. Rhh1 Rae8 20. b4 Nf8 21. Rae1 Ne6
22. Nf3 Qc8 23. a4 Nf8 24. Nh4 Be6 25. Qd1 g5 26. Ng2 exd4 27. exd4 f5 28. Rh5
gxf4 29. Nxf4 fxg4 30. Reh1 Bf5 31. Rg5 Ng6 32. Bxg4 Bxg4 33. Rxg4 Bxd4+ 34.
Kg2 Bxc3 35. Nxg6 Re2+ 0-1

[Event "52nd National Challengers (National â€˜Bâ€™) Chess Cha"]
[Site "Indoor Stadium,Dharamshala,Himachal Pradesh,India"]
[Date "2014.05.13"]
[Round "6"]
[Board "7"]
[White "Kunte, Abhijit"]
[Black "Kumaran, B"]
[Result "1/2-1/2"]
[WhiteElo "2484"]
[BlackElo "2294"]
[PlyCount "73"]
[EventDate "2014.05.09"]
[EventRounds "13"]
[EventCountry "IND"]

1. Nf3 Nf6 2. d4 e6 3. c4 b6 4. g3 Ba6 5. b3 Bb4+ 6. Bd2 Be7 7. Nc3 c6 8. e4 d5
9. e5 Ne4 10. Bd3 Nxc3 11. Bxc3 c5 12. dxc5 Bxc5 13. O-O Bb7 14. Qe2 dxc4 15.
Be4 Bxe4 16. Qxe4 Qd5 17. Qg4 Qd3 18. Rac1 O-O 19. Rfd1 Qf5 20. Qxf5 exf5 21.
bxc4 Nc6 22. Rd7 Rfd8 23. Rcd1 Be7 24. R1d5 Kf8 25. Rc7 Rdc8 26. Rdd7 Ke8 27.
e6 fxe6 28. Bxg7 Bd8 29. Rb7 Rab8 30. Ne5 Rxb7 31. Rxb7 Be7 32. Nxc6 Rxc6 33.
Rxa7 Rxc4 34. Ra8+ Kf7 35. Ra7 Ke8 36. Ra8+ Kf7 37. Ra7 1/2-1/2

[Event "52nd National Challengers (National â€˜Bâ€™) Chess Cha"]
[Site "Indoor Stadium,Dharamshala,Himachal Pradesh,India"]
[Date "2014.05.13"]
[Round "6"]
[Board "8"]
[White "Sharma, Dinesh K."]
[Black "Vishnu, Prasanna. V"]
[Result "0-1"]
[WhiteElo "2372"]
[BlackElo "2467"]
[PlyCount "92"]
[EventDate "2014.05.09"]
[EventRounds "13"]
[EventCountry "IND"]

1. e4 c5 2. Nf3 Nc6 3. d4 cxd4 4. Nxd4 e5 5. Nb5 d6 6. c4 Be7 7. N1c3 a6 8. Na3
f5 9. exf5 Bxf5 10. Bd3 Be6 11. O-O Nf6 12. Nc2 Qd7 13. Bg5 O-O 14. Ne3 Rae8
15. f4 exf4 16. Bxf4 Ne5 17. Be2 Qc6 18. Qd4 Ng6 19. Bg3 d5 20. cxd5 Bc5 21.
dxc6 Bxd4 22. Bf2 Nf4 23. Rfe1 Bxc3 24. bxc3 Nxe2+ 25. Rxe2 bxc6 26. Rae1 Rd8
27. Rb2 Ne4 28. Nd1 Nxf2 29. Nxf2 Bc4 30. h3 Rb8 31. Reb1 Rb5 32. a4 Re5 33.
Rd2 Rd5 34. Rc2 c5 35. Rcb2 Re5 36. Rc2 h5 37. h4 Rf4 38. Rb8+ Kh7 39. Rd2 Rxh4
40. g3 Re1+ 41. Kg2 Bf1+ 42. Kf3 Rxa4 43. Rd7 Bb5 44. Rc7 Re6 45. Rbc8 Rf6+ 46.
Ke3 Ra2 0-1

[Event "52nd National Challengers (National â€˜Bâ€™) Chess Cha"]
[Site "Indoor Stadium,Dharamshala,Himachal Pradesh,India"]
[Date "2014.05.13"]
[Round "6"]
[Board "9"]
[White "Laxman, R.R."]
[Black "Harsha, Bharathakoti"]
[Result "1-0"]
[WhiteElo "2450"]
[BlackElo "2279"]
[PlyCount "132"]
[EventDate "2014.05.09"]
[EventRounds "13"]
[EventCountry "IND"]

1. d4 Nf6 2. c4 g6 3. Nc3 d5 4. cxd5 Nxd5 5. e4 Nxc3 6. bxc3 Bg7 7. Qa4+ Nd7 8.
Nf3 O-O 9. Bg5 c5 10. Rc1 Re8 11. d5 Nf6 12. Bb5 Bd7 13. Bxd7 Qxd7 14. Qxd7
Nxd7 15. O-O e6 16. c4 exd5 17. exd5 Re2 18. Rfe1 Rae8 19. Kf1 Rxe1+ 20. Nxe1
Ne5 21. a4 b6 22. h3 Bf8 23. Nf3 Nxf3 24. gxf3 Bg7 25. Bf4 Re7 26. Rc2 f5 27.
Re2 Rd7 28. Re8+ Kf7 29. Ra8 Bf6 30. Bb8 a5 31. f4 Re7 32. f3 Re3 33. Kf2 Bd4
34. Kg3 Re7 35. Ra6 Re2 36. h4 Rc2 37. Rxb6 Rxc4 38. Be5 Rxa4 39. Rb7+ Ke8 40.
Rxh7 Ra2 41. h5 gxh5 42. Kh4 Re2 43. d6 Kd8 44. Re7 Rg2 45. Kxh5 a4 46. Ra7 Re2
47. Bxd4 cxd4 48. Rxa4 Rd2 49. Ra5 Kd7 50. Rd5 Rg2 51. Rxd4 Rg1 52. Rd5 Rg3 53.
Rxf5 Kxd6 54. Re5 Rxf3 55. Kg5 Rg3+ 56. Kf6 Rg8 57. Re6+ Kd7 58. f5 Rf8+ 59.
Kg6 Rg8+ 60. Kf7 Rh8 61. Re1 Rh7+ 62. Kg8 Rh6 63. Kg7 Rh2 64. f6 Rg2+ 65. Kf8
Rf2 66. f7 Kd6 1-0

[Event "52nd National Challengers (National â€˜Bâ€™) Chess Cha"]
[Site "Indoor Stadium,Dharamshala,Himachal Pradesh,India"]
[Date "2014.05.13"]
[Round "6"]
[Board "10"]
[White "Konguvel, Ponnuswamy"]
[Black "Swayams, Mishra"]
[Result "0-1"]
[WhiteElo "2363"]
[BlackElo "2442"]
[PlyCount "80"]
[EventDate "2014.05.09"]
[EventRounds "13"]
[EventCountry "IND"]

1. e4 e6 2. d4 d5 3. Nc3 Nf6 4. e5 Nfd7 5. f4 c5 6. Nf3 Nc6 7. Be3 Be7 8. Qd2
O-O 9. O-O-O Qa5 10. a3 Rb8 11. dxc5 Bxc5 12. Bxc5 Nxc5 13. Qe3 Qb6 14. Nd4
Nxd4 15. Rxd4 f5 16. exf6 Rxf6 17. g3 Bd7 18. Bg2 Bc6 19. Re1 a5 20. h4 Qc7 21.
Bh3 b5 22. b4 axb4 23. axb4 Ne4 24. Nxe4 dxe4 25. Bg2 e5 26. fxe5 Qxe5 27. Bxe4
Bxe4 28. Qb3+ Kh8 29. Rexe4 Rf1+ 30. Kb2 Qc7 31. Qe3 Qc8 32. Rd6 Ra8 33. Qc5
Qg8 34. Qd5 Qc8 35. Rd4 Rf8 36. Rd7 Qa6 37. Kc3 Qa1+ 38. Kd3 Qd1+ 39. Ke3 Qe1+
40. Kd3 Ra3+ 0-1

[Event "52nd National Challengers (National â€˜Bâ€™) Chess Cha"]
[Site "Indoor Stadium,Dharamshala,Himachal Pradesh,India"]
[Date "2014.05.13"]
[Round "6"]
[Board "11"]
[White "Prince, Bajaj"]
[Black "Swapnil, S. Dhopade"]
[Result "1/2-1/2"]
[WhiteElo "2318"]
[BlackElo "2434"]
[PlyCount "34"]
[EventDate "2014.05.09"]
[EventRounds "13"]
[EventCountry "IND"]

1. e4 c6 2. d4 d5 3. exd5 cxd5 4. c4 Nf6 5. Nc3 Nc6 6. Nf3 Be6 7. c5 g6 8. Bb5
Bg7 9. Ne5 Qc8 10. Qa4 Bd7 11. O-O a6 12. Bxc6 Bxc6 13. Nxc6 Qxc6 14. Re1 e6
15. Bf4 O-O 16. Be5 Rfe8 17. b4 Nd7 1/2-1/2